| 000 | 00548nam a22001817a 4500 | ||
|---|---|---|---|
| 005 | 20230131023729.0 | ||
| 008 | 230131b |||||||| |||| 00| 0 eng d | ||
| 020 | _a978-971-37-0449-8 | ||
| 082 | _aFil. 006.6869 J49 2017 | ||
| 110 |
_aJemma Development Group _eauthor |
||
| 245 |
_aMicrosoft powerpoint 2013/2016 / _cJemma Development Group |
||
| 260 |
_aRizal, PH: _bJemma _cc2017 |
||
| 300 |
_aviii, 136p.: _bill. |
||
| 490 | _avisual guide | ||
| 504 | _aIncludes bibliographies | ||
| 541 | _e6969 | ||
| 650 | _aMicrosoft Powerpoint (Computer file) | ||
| 999 |
_c762 _d762 |
||